| 000 | 00452nam a22001697a 4500 | ||
|---|---|---|---|
| 003 | BD-ChCU | ||
| 005 | 20251009091403.0 | ||
| 008 | 251009b eng |||| |||| 00| 0 ben d | ||
| 040 | _cBD-ChCU | ||
| 082 | _a571.889C257p | ||
| 100 |
_aCarlson,Bruce.M _913700 |
||
| 245 |
_aPrinciples of regenerative biology/ _cBruce.M Carlson |
||
| 260 |
_aNew York _bElsevier _c2007 |
||
| 300 | _a378p | ||
| 650 | 0 |
_aRegeneration Biology _913702 |
|
| 942 |
_2ddc _cBK _n0 |
||
| 999 |
_c108322 _d108322 |
||